<?xml version="1.0" encoding="UTF-8"?><?xml-stylesheet type="text/xsl" href="static/style.xsl"?><OAI-PMH xmlns="http://www.openarchives.org/OAI/2.0/" xmlns:xsi="http://www.w3.org/2001/XMLSchema-instance" xsi:schemaLocation="http://www.openarchives.org/OAI/2.0/ http://www.openarchives.org/OAI/2.0/OAI-PMH.xsd"><responseDate>2026-04-17T17:11:17Z</responseDate><request verb="GetRecord" identifier="oai:www.recercat.cat:20.500.14342/4795" metadataPrefix="marc">https://recercat.cat/oai/request</request><GetRecord><record><header><identifier>oai:recercat.cat:20.500.14342/4795</identifier><datestamp>2025-05-03T19:18:58Z</datestamp><setSpec>com_2072_482405</setSpec><setSpec>com_2072_183628</setSpec><setSpec>col_2072_482409</setSpec></header><metadata><record xmlns="http://www.loc.gov/MARC21/slim" xmlns:dcterms="http://purl.org/dc/terms/" xmlns:xsi="http://www.w3.org/2001/XMLSchema-instance" xmlns:doc="http://www.lyncode.com/xoai" xsi:schemaLocation="http://www.loc.gov/MARC21/slim http://www.loc.gov/standards/marcxml/schema/MARC21slim.xsd">
   <leader>00925njm 22002777a 4500</leader>
   <datafield ind2=" " ind1=" " tag="042">
      <subfield code="a">dc</subfield>
   </datafield>
   <datafield ind2=" " ind1=" " tag="720">
      <subfield code="a">Torres, Begoña</subfield>
      <subfield code="e">author</subfield>
   </datafield>
   <datafield ind2=" " ind1=" " tag="720">
      <subfield code="a">Massó-Ortigosa, Núria</subfield>
      <subfield code="e">author</subfield>
   </datafield>
   <datafield ind2=" " ind1=" " tag="720">
      <subfield code="a">Rey-Abella, Fernando</subfield>
      <subfield code="e">author</subfield>
   </datafield>
   <datafield ind2=" " ind1=" " tag="720">
      <subfield code="a">Germán Romero, Ana</subfield>
      <subfield code="e">author</subfield>
   </datafield>
   <datafield ind2=" " ind1=" " tag="720">
      <subfield code="a">Gimeno, Ferran</subfield>
      <subfield code="e">author</subfield>
   </datafield>
   <datafield ind2=" " ind1=" " tag="720">
      <subfield code="a">Gimeno-Aragón, Elisabet</subfield>
      <subfield code="e">author</subfield>
   </datafield>
   <datafield ind2=" " ind1=" " tag="260">
      <subfield code="c">2019-05</subfield>
   </datafield>
   <datafield ind2=" " ind1=" " tag="520">
      <subfield code="a">La voz es una acción compleja de nuestro cuerpo, del mismo modo que reali-zamos acciones como caminar o asir objetos con la mano. Nuestra voz, tanto cantada como hablada, se produce gracias a la acción coordinada e insepara-ble de estructuras y músculos de distintas regiones. Podemos decir que casi todo nuestro cuerpo se coordina para producir la voz. &#xd;
Para una determinada acción los distintos músculos involucrados actúan de forma coordinada. En general, suele necesitarse un esfuerzo de varios músculos, en los que cada uno puede ejercer un papel distinto. En algu-nos casos, juegan un papel directo en la movilización de una o varias ar-ticulaciones. En otros casos, se trata de mantener y fijar otros segmentos corporales para lograr un entorno estable, ejerciendo lo que llamamos una acción estabilizadora. En este contexto, cada uno de los músculos puede activarse en distintos momentos, con distintos grados de esfuerzo, y con distintas progresiones de este esfuerzo durante el tiempo que dura su actividad. A todo ello lo llamamos patrón de activación muscular. &#xd;
La electromiografía es una técnica que analiza la actividad eléctrica generada por la contracción muscular. Nos aporta información acerca de cuándo el músculo está activo y qué grado de esfuerzo realiza. Mediante sensores su-perficiales podemos obtener dicha actividad de varios músculos simultánea-mente durante la ejecución de una acción. &#xd;
Nuestro grupo viene trabajando desde hace años en el estudio de la anatomía funcional de la voz. Como resultado de nuestros estudios, establecimos el patrón muscular durante el canto y pudimos determinar la actuación de los distintos grupos musculares. Partiendo de estos trabajos, hemos diseñado el estudio que mostramos en este trabajo, en el que hemos medido mediante electromiografía la actividad de un conjunto de músculos del aparato fona-dor durante el canto.</subfield>
   </datafield>
   <datafield ind1="8" ind2=" " tag="024">
      <subfield code="a">9781099886768</subfield>
   </datafield>
   <datafield ind1="8" ind2=" " tag="024">
      <subfield code="a">http://hdl.handle.net/20.500.14342/4795</subfield>
   </datafield>
   <datafield tag="653" ind2=" " ind1=" ">
      <subfield code="a">Electromiografia</subfield>
   </datafield>
   <datafield tag="653" ind2=" " ind1=" ">
      <subfield code="a">Veu</subfield>
   </datafield>
   <datafield tag="653" ind2=" " ind1=" ">
      <subfield code="a">Cant</subfield>
   </datafield>
   <datafield tag="653" ind2=" " ind1=" ">
      <subfield code="a">Gola -- Músculs</subfield>
   </datafield>
   <datafield ind2="0" ind1="0" tag="245">
      <subfield code="a">Estudio electromiográfico de los patrones musculares durante el canto</subfield>
   </datafield>
</record></metadata></record></GetRecord></OAI-PMH>